| 000 | 00952 a2200277 4500 | ||
|---|---|---|---|
| 005 | 20251112122310.0 | ||
| 008 | 251112b |||||||| |||| 00| 0 eng d | ||
| 020 | _a9781032453361 (pbk) | ||
| 037 | _cTB | ||
| 040 |
_aCRL _cCRL |
||
| 041 |
_2eng _aeng |
||
| 084 |
_aP111:1 R5 _qCRL |
||
| 100 |
_aCarly, Paul _9821939 |
||
| 245 | _aPractical english phonetical and phonology | ||
| 250 | _a5th Ed. | ||
| 260 |
_aLondon, UK; _aNew York, USA: _bRoutledge, _c2025. |
||
| 300 | _axx, 232p. | ||
| 365 |
_b39.99 _cUKP |
||
| 490 | _aRoutledge english language introductions | ||
| 650 |
_aEnglish Language _9850915 |
||
| 650 |
_aPhonetics _9850916 |
||
| 700 |
_aMees, Inger M. _eauthor. _9850917 |
||
| 700 |
_aCollins, Beverley _eauthor. _9850918 |
||
| 942 |
_cTB _2CC _n0 _e5th Ed. _hP111:1 R5 |
||
| 999 |
_c1435776 _d1435776 |
||